Pyramída vedomostí
Otvorenie Alexandrijskej knižnice v Káhire v októbri 2002. Krátka história. Popis celého komplexu. Vybavenie tejto slávnej knižnice.
Gespeichert in:
| 1. Verfasser: | |
|---|---|
| Format: | Buchkapitel |
| Sprache: | Slowakisch |
| Schlagworte: | |
| Tags: |
Keine Tags, Fügen Sie das erste Tag hinzu!
|
MARC
| LEADER | 00000naa a2200000 4500 | ||
|---|---|---|---|
| 001 | r047291 | ||
| 005 | 20230908084051.9 | ||
| 041 | 0 | |a slo | |
| 044 | |a SK | ||
| 245 | 1 | 0 | |a Pyramída vedomostí |c Emanuel Beška |
| 520 | |a Otvorenie Alexandrijskej knižnice v Káhire v októbri 2002. Krátka história. Popis celého komplexu. Vybavenie tejto slávnej knižnice. | ||
| 610 | 2 | 0 | |a knižnice |
| 610 | 2 | 0 | |a história |
| 610 | 2 | 0 | |a Alexandrijská knižnica |
| 610 | 2 | 0 | |a Egypt |
| 100 | 1 | |a Beška, Emanuel | |